000 00684nam a2200181Ia 4500
005 20250508160025.0
008 008 250505s9999 xx 000 0 eng d
037 _aBooks to be hide in OPAC
040 _aFEDL
_beng
_cFEDL
041 _aeng
_2eng
084 _a379.42, GRE/O
_qFEDL
245 0 _aParliamentary grants: Education department
260 _aLondon, UK
_bHer Majesty's Stationery Office
_c1898
300 _a700p.
546 _aSchools in recepit of parliamentary grants.; Grants paid to school boards under section 97, elementary education act, 1970.; School bard accounts and list of loans
942 _cHB
_h379.42, GRE/O
999 _c1361149
_d1361149